000 00903nam a22002777a 4500
003 CHAP
005 20220329140516.0
008 971013s1986 r 00010 d
010 _a53058
011 _a54030
035 _a58180
040 _cCHAP
090 _aFolleto 11790
100 0 0 _aRoss, D. J.
_9100174
245 _aSoils of the Wycanna Wordland Experiment Centre, Talwood, South Maranoa Region, Quensland
260 _a(St. Lucia) :
_bCommonwealth Scientific and Industrial Research Organization. Division of Soils,
_c1986
300 _a39 p.
_b: ilus.
490 _aDivisional report
_v; 83
590 _aBATCH-UPD
_b10
_c20130110
_lUCH01
_h0827
590 _aCONVERSION
_b10
_c20130109
_lUCH01
_h1329
650 1 4 _aSuelos
_xAustralia.
_9110211
830 0 _aDivisional report
_v; 83
_933024
901 _aBK
942 _cFOLL
949 _aFolleto 11790
_bBC
_cFOLL
_d-126374
_eTS1
_i58180
_si
999 _c53058
_d53058